Journal of PaperConservation IADA Reports; Mitteilungen der IADA

Podrobná bibliografia
Predchádzajúci názov:PapierRestaurierung
Médium: Časopis
Jazyk:angličtina
nemčina
Fyzický popis:zv. 30 cm
Vydavateľské údaje: Stuttgart Wolfgang Seidel 2009-
Abingdon Taylor & Francis
ISSN:1868-0860
1563-2628

MARC

LEADER 00000cas a22000004a 4500
001 vtls010660055
003 SK-MaSNL
005 20260221123224.0
008 160430c20099999gw qr p 0 a0eng d
022 |a 1868-0860 
040 |a SNK  |b slo  |c SNK  |e AACR2 
041 0 |a eng  |a ger 
044 |a gw  |c DE 
245 0 0 |a Journal of PaperConservation  |b IADA Reports; Mitteilungen der IADA 
260 |a Stuttgart  |b Wolfgang Seidel  |c 2009- 
260 3 |a Abingdon  |b Taylor & Francis 
300 |a zv.  |c 30 cm 
310 |a 4x ročne 
500 |a Popis podľa: vol. 13, no. 4 (2012) 
780 0 0 |t PapierRestaurierung  |x 1563-2628  |w vtls008697918 
910 |a snk 
999 |c 10069  |d 11999 
952 |0 0  |1 0  |4 0  |7 0  |8 4  |a SNK  |b SNK  |d 2015-06-29  |i snk2015/19970  |l 0  |o snkČB 5770/14/2013  |p 17A1316121  |r 2026-02-21 19:34:47  |t č. 1-4 + suppl.  |w 2026-02-21  |y PREZ  |z č. 1-4 ; v č. 3 sa nachádza príloha: supplement 
952 |0 0  |1 0  |4 0  |7 0  |8 3  |a SNK  |b SNK  |d 2023-09-28  |i snk2023/13966  |l 0  |o snkČB 5770/22/2021  |p 17A1521245  |r 2026-02-21 19:47:23  |t č. 1-4  |w 2026-02-21  |y PREZ 
952 |0 0  |1 0  |4 0  |7 0  |8 4  |a SNK  |b SNK  |d 2021-06-04  |i snk2021/6296  |l 0  |o snkČB 5770/20/2019  |p 17A1433303  |r 2026-02-21 19:53:23  |t č. 1-4  |w 2026-02-21  |y PREZ 
952 |0 0  |1 0  |4 0  |7 0  |8 3  |a SNK  |b SNK  |d 2023-02-17  |i snk2023/2931  |l 0  |o snkČB 5770/21/2020  |p 17A1519771  |r 2026-02-21 20:12:10  |t č. 1-4  |w 2026-02-21  |y PREZ 
952 |0 0  |1 0  |3 Vrátené z príručnej knižnice  |4 0  |7 0  |8 4  |a SNKPRIRUCN  |b SNKPRIRUCN  |d 2015-03-11  |i snk2015/8582  |l 0  |o snkČB 5770/13/2012  |p 17A1143331  |r 2026-02-21 21:15:17  |t č. 1-4, neúpl.  |w 2026-02-21  |y NEVYP  |z chýba č. 1,2,3 
952 |0 0  |1 0  |4 0  |7 0  |8 4  |a SNK  |b SNK  |d 2018-10-15  |i snk2018/20849  |l 0  |o snkČB 5770/18/2017  |p 17A1316132  |r 2026-02-21 21:50:26  |t č. 1-4  |w 2026-02-21  |y PREZ  |z č. 1-4 
952 |0 0  |1 0  |4 0  |7 0  |8 4  |a SNK  |b SNK  |d 2017-10-09  |i snk2017/21700  |l 0  |o snkČB 5770/16/2015  |p 17A1316120  |r 2026-02-21 21:55:54  |t č. 1-4  |w 2026-02-21  |y PREZ  |z č. 1-4 
952 |0 0  |1 0  |4 0  |7 0  |8 4  |a SNK  |b SNK  |d 2016-09-29  |i snk2016/22600  |l 0  |o snkČB 5770/15/2014  |p 17A1316119  |r 2026-02-21 22:10:05  |t č. 1-4, neúplné  |w 2026-02-21  |y PREZ  |z chýba č. 2 
952 |0 0  |1 0  |4 0  |7 0  |8 4  |a SNK  |b SNK  |d 2018-08-09  |i snk2018/16570  |l 0  |o snkČB 5770/17/2016  |p 17A1316122  |r 2026-02-21 22:20:06  |t č. 1-4  |w 2026-02-21  |y PREZ  |z č. 1-4 
952 |0 0  |1 0  |4 0  |7 0  |8 4  |a SNK  |b SNK  |d 2020-11-02  |i snk2020/20282  |l 0  |o snkČB 5770/19/2018  |p 17A1432231  |r 2026-02-21 22:23:35  |t č. 1-4  |w 2026-02-21  |y PREZ